Carpentry and joinery / (Record no. 6830)

MARC details
000 -LEADER
fixed length control field 00494nam a2200193 4500
005 - DATE AND TIME OF LATEST TRANSACTION
control field 20150507111242.0
007 - PHYSICAL DESCRIPTION FIXED FIELD--GENERAL INFORMATION
fixed length control field 000
008 - FIXED-LENGTH DATA ELEMENTS--GENERAL INFORMATION
fixed length control field 000
020 ## - INTERNATIONAL STANDARD BOOK NUMBER
International Standard Book Number 0713134801
040 ## - CATALOGING SOURCE
Original cataloging agency UOEL
050 ## - LIBRARY OF CONGRESS CALL NUMBER
Classification number TH5606
Item number .P6 1984
100 ## - MAIN ENTRY--PERSONAL NAME
Personal name Porter, Brian
245 ## - TITLE STATEMENT
Title Carpentry and joinery /
Statement of responsibility, etc Brian, Porter
260 ## - PUBLICATION, DISTRIBUTION, ETC. (IMPRINT)
Place of publication, distribution, etc Great Britain ;
Name of publisher, distributor, etc Edward Arnold Publishers LTD ,
Date of publication, distribution, etc c1984.
300 ## - PHYSICAL DESCRIPTION
Extent ix, 294p. :
Other physical details ill.
500 ## - GENERAL NOTE
General note includes index
650 ## - SUBJECT ADDED ENTRY--TOPICAL TERM
Source of heading or term Carpentry
General subdivision Building and Construction
942 ## - ADDED ENTRY ELEMENTS (KOHA)
Source of classification or shelving scheme Library of Congress Classification
Item type Loan - Normal on open shelf
Holdings
Withdrawn status Lost status Source of classification or shelving scheme Damaged status Not for loan Home library Current library Shelving location Date acquired Total Checkouts Full call number Barcode Date last seen Date last borrowed Copy number Price effective from Koha item type
    Library of Congress Classification     UOE Main Library UOE Main Library Open shelf 07/05/2015 2 TH5606 .P6 1984 20139294 19/10/2018 12/10/2018 20139294 07/05/2015 Loan - Normal on open shelf